00479nam a2200145 a 450000500170000000800410001702000180005804000250007604100080010104400070010910000440011624501090016026000530026930000110032220150210153912.0140127b2006 ck ||||| |||| 00| 0 spa d a958-8151-74-0 aCO-BoIAVHcCO-BoIAVH aspa ack aGutiérrez Bonilla, Francisco de Paula aEstado de conocimiento de especies invasoras bpropuesta de lineamientos para el control de los impactos aBogotábInstituto Alexander von Humboldtc2006 a156 p.